Tilastot visalle Valtioiden muotoja maailmankartalla #5

Klikkaa tästä pelataksesi tätä visaa!

Yleistilastot

  • Tätä visaa on pelattu 262 kertaa
  • Keskiarvotulos 17 / 20

Vastaukset kartalla

Vastauksille on annettu kartalla punavihreä väri sen mukaan, kuinka moni on saanut sen oikein.
Ladataan ...
 

Vastaustilastot

Valtio% Oikein
Venäjä
100%
Intia
99%
Saksa
99%
Yhdistynyt kuningaskunta
98%
Etelä-Afrikka
97%
Kolumbia
92%
Bosnia ja Hertsegovina
87%
Uruguay
87%
Unkari
87%
Sudan
86%
Myanmar
86%
Suriname
84%
Afganistan
83%
Mali
81%
Jordania
81%
Yhdistyneet arabiemiirikunnat
80%
Guatemala
71%
Kiribati
70%
Ghana
70%
Sambia
68%

Tulosjakauma

Persentiili vastausten määrän mukaan

Jokaisen tuloksen saaneiden osuus

Tuloshistoriasi

Et ole pelannut tätä visaa